| 000 | 00518nam a2200217Ia 4500 | ||
|---|---|---|---|
| 003 | 0100 | ||
| 008 | 130303s9999 xx 000 0 und d | ||
| 020 | _a013656769X | ||
| 040 | _cARRUPELIB | ||
| 050 | _aBD41.P34 1984 | ||
| 245 | _aPerennial philosophical issues | ||
| 260 | _aEnglewood Cliffs | ||
| 260 | _bPrentice-Hall | ||
| 260 | _C1984 | ||
| 300 | _aviii | ||
| 300 | _b 568p. 24 cm. | ||
| 650 | _aPHILOSOPHY | ||
| 650 | _bSynod of Bishops, Africa | ||
| 700 | _aGrassian, Victor (ed.) | ||
| 942 | 0 | 0 | _01 |
| 999 |
_c18780 _d18780 |
||